[Event "Hampshire Open"]
[Site "Eastleigh"]
[Date "2013.11.08"]
[Round "1"]
[White "Fowler, David W"]
[Black "Chilton, James I"]
[Result "1-0"]
[WhiteElo "1936"]
[BlackElo "1688"]
[PlyCount "117"]
[EventDate "2013.11.08"]
[EventType "swiss"]
[EventRounds "6"]
[EventCountry "ENG"]
[SourceTitle "Hampshire Chess Congress"]
[Source "Arthur Brameld"]
[SourceDate "2019.01.27"]
[SourceVersion "1"]
[SourceVersionDate "2019.01.27"]
[SourceQuality "2"]

1. e4 c5 2. Nf3 e6 3. c3 Nf6 4. e5 Nd5 5. d4 Nc6 6. c4 Nde7 7. d5 Nb8 8. d6 Ng6 9. Bd3 Nc6 10. Bxg6 hxg6 11. Nc3 Qa5 12. Bd2 Nxe5 13. Nxe5 Bxd6 14. Nb5 Qb6 15. Bf4 Bb8 16. Qc2 g5 17. Bg3 d5 18. O-O d4 19. Qa4 O-O 20. b4 a6 21. bxc5 Qxc5 22. Nd3 Qc6 23. Nb2 Bxg3 24. Nxd4 Bxh2+ 25. Kxh2 Qd6+ 26. Kg1 Qxd4 27. Qb3 Qf6 28. Rad1 e5 29. Rd2 Rb8 30. c5 Be6 31. Qa3 Rfd8 32. Rd6 Qe7 33. Rfd1 Rd7 34. Na4 Rbd8 35. Nb6 Rxd6 36. cxd6 Qf6 37. Qc5 Bg4 38. Rd5 Qg6 39. Qc7 Qf6 40. d7 Kh7 41. Rd6 Qe7 42. Nd5 Qf8 43. Nb6 Be6 44. a4 g4 45. a5 e4 46. Na4 Qe7 47. Nc5 e3 48. fxe3 g3 49. Nxe6 fxe6 50. Rd4 Qf6 51. Qxg3 e5 52. Rd5 Qc6 53. Qh4+ Kg6 54. Qxd8 Qxd5 55. Qe8+ Kf5 56. d8=Q Qe4 57. Qed7+ Kg6 58. Qd3 Qxd3 59. Qxd3+ 1-0

[Event "Hampshire Open"]
[Site "Eastleigh"]
[Date "2013.11.08"]
[Round "1"]
[White "Jones, Gareth Aneurin"]
[Black "Corkett, Anthony R"]
[Result "0-1"]
[WhiteElo "1904"]
[BlackElo "2224"]
[PlyCount "84"]
[EventDate "2013.11.08"]
[EventType "swiss"]
[EventRounds "6"]
[EventCountry "ENG"]
[SourceTitle "Hampshire Chess Congress"]
[Source "Arthur Brameld"]
[SourceDate "2019.01.27"]
[SourceVersion "1"]
[SourceVersionDate "2019.01.27"]
[SourceQuality "2"]

1. Nf3 Nf6 2. g3 b5 3. Bg2 Bb7 4. O-O e6 5. d4 c5 6. c3 Qb6 7. Nbd2 cxd4 8. cxd4 Nc6 9. Nb3 a5 10. e4 d5 11. e5 Nd7 12. Be3 a4 13. Nc1 Na5 14. Nd3 Nc4 15. b3 Nxe3 16. fxe3 Be7 17. b4 O-O 18. Nc5 Qc6 19. Qd3 Rab8 20. h4 f6 21. Bh3 Nxc5 22. bxc5 Ba6 23. Rf2 Bd8 24. Ng5 f5 25. Nxe6 Qxe6 26. Bxf5 Rxf5 27. Qxf5 Qxf5 28. Rxf5 g6 29. Rf2 b4 30. Rc1 Bc4 31. e4 b3 32. axb3 axb3 33. exd5 Bxd5 34. c6 Bb6 35. Rd2 Kf7 36. Kf1 Ke6 37. Ke2 Ba5 38. Rb2 Bb4 39. c7 Rc8 40. Ra1 Rxc7 41. Ra6+ Ke7 42. Rb6 Rc2+ 0-1

[Event "Hampshire Open"]
[Site "Eastleigh"]
[Date "2013.11.08"]
[Round "1"]
[White "Tambini, Jasper"]
[Black "Ruiz Marana, Alejandro"]
[Result "0-1"]
[WhiteElo "2120"]
[BlackElo "2200"]
[PlyCount "78"]
[EventDate "2013.11.08"]
[EventType "swiss"]
[EventRounds "6"]
[EventCountry "ENG"]
[SourceTitle "Hampshire Chess Congress"]
[Source "Arthur Brameld"]
[SourceDate "2019.01.27"]
[SourceVersion "1"]
[SourceVersionDate "2019.01.27"]
[SourceQuality "2"]

1. e4 d5 2. exd5 Qxd5 3. Nc3 Qa5 4. d4 Nf6 5. Bc4 c6 6. Nge2 Bg4 7. O-O e6 8. f3 Bf5 9. Ng3 Bg6 10. f4 Bd6 11. Qe2 O-O 12. Nce4 Nxe4 13. Nxe4 Be7 14. c3 Nd7 15. Ng3 Qd8 16. f5 exf5 17. Nxf5 Bf6 18. Qf2 Nb6 19. Bb3 Nd5 20. Bd2 Qd7 21. g4 Rae8 22. Bc2 b5 23. Rae1 Rxe1 24. Rxe1 Qd8 25. Qg2 Re8 26. Rxe8+ Qxe8 27. Be4 Qe6 28. h4 h5 29. Bg5 Bxg5 30. hxg5 Ne3 31. Nxe3 Bxe4 32. Qe2 Qxa2 33. gxh5 Qb1+ 34. Nf1 Bd5 35. Kh2 Qf5 36. Ng3 Qxg5 37. Qf2 a6 38. b4 Qh4+ 39. Kg1 Qh3 0-1

[Event "Hampshire Open"]
[Site "Eastleigh"]
[Date "2013.11.08"]
[Round "1"]
[White "Tunks, Dominic"]
[Black "Knox, Stuart W"]
[Result "1/2-1/2"]
[WhiteElo "2168"]
[BlackElo "1904"]
[PlyCount "99"]
[EventDate "2013.11.08"]
[EventType "swiss"]
[EventRounds "6"]
[EventCountry "ENG"]
[SourceTitle "Hampshire Chess Congress"]
[Source "Arthur Brameld"]
[SourceDate "2019.01.27"]
[SourceVersion "1"]
[SourceVersionDate "2019.01.27"]
[SourceQuality "2"]

1. e4 e6 2. d3 d5 3. Nd2 c5 4. Ngf3 Nc6 5. Be2 Bd6 6. O-O Nge7 7. c3 O-O 8. Re1 Qc7 9. Nf1 Bd7 10. Ng3 Rad8 11. Bf1 b6 12. Ng5 h6 13. Nf3 Ng6 14. d4 Bxg3 15. hxg3 dxe4 16. Rxe4 cxd4 17. Nxd4 Nxd4 18. Rxd4 Bc6 19. Be3 e5 20. Rxd8 Rxd8 21. Qg4 Bd5 22. Rd1 Be6 23. Rxd8+ Qxd8 24. Qe4 f5 25. Qc6 Qd7 26. Qxd7 Bxd7 27. c4 Ne7 28. f3 Kf7 29. Kf2 Ke6 30. b4 Nc6 31. a3 g5 32. f4 gxf4 33. gxf4 exf4 34. Bxf4 h5 35. Be2 Be8 36. Ke3 Ne5 37. Kd4 Nc6+ 38. Kc3 Ne5 39. b5 Bf7 40. Kd4 Nd7 41. Bf3 Kf6 42. Bc6 Be6 43. Bd6 h4 44. a4 Kg5 45. Bd5 Kf6 46. c5 bxc5+ 47. Bxc5 Bxd5 48. Kxd5 Nxc5 49. Kxc5 f4 50. Kd4 1/2-1/2

[Event "Hampshire Open"]
[Site "Eastleigh"]
[Date "2013.11.09"]
[Round "2"]
[White "Jones, Steven A"]
[Black "Orlowski, Bogdan"]
[Result "1-0"]
[WhiteElo "2088"]
[BlackElo "1744"]
[PlyCount "119"]
[EventDate "2013.11.08"]
[EventType "swiss"]
[EventRounds "6"]
[EventCountry "ENG"]
[SourceTitle "Hampshire Chess Congress"]
[Source "Arthur Brameld"]
[SourceDate "2019.01.27"]
[SourceVersion "1"]
[SourceVersionDate "2019.01.27"]
[SourceQuality "2"]

1. e4 c6 2. d4 d5 3. e5 Bf5 4. Nf3 Nd7 5. Be2 h6 6. O-O e6 7. a3 Ne7 8. b4 b5 9. Nbd2 Nb6 10. Ne1 Na4 11. Nb3 Nc8 12. Bg4 Nc3 13. Qf3 Bxg4 14. Qxg4 h5 15. Qf3 Ne4 16. Qe2 Be7 17. f3 Nc3 18. Qd3 Na4 19. f4 h4 20. Nf3 g6 21. Be3 Ncb6 22. c3 Nc4 23. Bf2 Kd7 24. Nc5+ Bxc5 25. dxc5 Qe7 26. Be1 Rag8 27. Ng5 Rh5 28. Ne4 Kc7 29. Nf6 Rg7 30. Nxh5 gxh5 31. Qf3 Rg4 32. h3 Rg6 33. Qxh5 Ne3 34. Rf2 Qd8 35. Qh7 Qg8 36. Qxg8 Rxg8 37. Re2 Nf5 38. Kh2 Kd7 39. Rc1 Ke7 40. Bf2 a6 41. Rec2 Kd7 42. Rg1 Ke7 43. g4 hxg3+ 44. Bxg3 Kf8 45. Bf2 Rg6 46. h4 Ng7 47. Rxg6 fxg6 48. Kh3 Kf7 49. Kg4 Nf5 50. h5 gxh5+ 51. Kxh5 Ng7+ 52. Kg5 Nf5 53. Be1 Ne3 54. Rh2 Kg7 55. Rh6 Kf7 56. Rh7+ Kg8 57. Rc7 Nd1 58. Bh4 Ndxc3 59. Kg6 Kf8 60. Rc8# 1-0

[Event "Hampshire Open"]
[Site "Eastleigh"]
[Date "2013.11.09"]
[Round "2"]
[White "Knox, Stuart W"]
[Black "Tambini, Jasper"]
[Result "1/2-1/2"]
[WhiteElo "1904"]
[BlackElo "2120"]
[PlyCount "57"]
[EventDate "2013.11.08"]
[EventType "swiss"]
[EventRounds "6"]
[EventCountry "ENG"]
[SourceTitle "Hampshire Chess Congress"]
[Source "Arthur Brameld"]
[SourceDate "2019.01.27"]
[SourceVersion "1"]
[SourceVersionDate "2019.01.27"]
[SourceQuality "2"]

1. d4 d5 2. c4 e6 3. Nf3 Nf6 4. g3 Be7 5. Bg2 O-O 6. O-O c6 7. Qc2 b6 8. Nbd2 Bb7 9. e4 Nbd7 10. e5 Ne8 11. cxd5 cxd5 12. Re1 Rc8 13. Qa4 Bc6 14. Qb3 Nc7 15. Bf1 f6 16. exf6 Rxf6 17. Bg2 Qe8 18. Nf1 Bd6 19. Bg5 Rf8 20. Bd2 Qh5 21. Rac1 Bb7 22. h3 Qe8 23. Bb4 Qe7 24. Bxd6 Qxd6 25. Ne3 Rf7 26. Ng5 Re7 27. h4 h6 28. Nh3 Nf6 29. Nf4 1/2-1/2

[Event "Hampshire Open"]
[Site "Eastleigh"]
[Date "2013.11.09"]
[Round "2"]
[White "McFaul, Thomas"]
[Black "Fowler, David W"]
[Result "1/2-1/2"]
[WhiteElo "2120"]
[BlackElo "1936"]
[PlyCount "75"]
[EventDate "2013.11.08"]
[EventType "swiss"]
[EventRounds "6"]
[EventCountry "ENG"]
[SourceTitle "Hampshire Chess Congress"]
[Source "Arthur Brameld"]
[SourceDate "2019.01.27"]
[SourceVersion "1"]
[SourceVersionDate "2019.01.27"]
[SourceQuality "2"]

1. e4 e5 2. Nf3 Nc6 3. Nc3 Nf6 4. g3 Bc5 5. Bg2 d6 6. d3 a6 7. h3 h6 8. Be3 Bxe3 9. fxe3 Be6 10. d4 Bd7 11. O-O O-O 12. Nh4 exd4 13. exd4 Qe7 14. Qd2 Rae8 15. Rae1 Qd8 16. Kh2 Nh7 17. Nd5 Ne7 18. Nb4 c5 19. dxc5 dxc5 20. Nd5 Be6 21. c4 Nc6 22. Nf3 Nf6 23. Qf2 Nd7 24. Rd1 Qa5 25. b3 Nde5 26. Nh4 f6 27. Rd2 Rd8 28. Rfd1 Bc8 29. Nf5 Bxf5 30. exf5 Rfe8 31. Nf4 Rxd2 32. Rxd2 Rd8 33. Bd5+ Kh7 34. Re2 Nd4 35. Re3 b5 36. Ne6 Rc8 37. Bb7 Rb8 38. Bd5 1/2-1/2

[Event "Hampshire Open"]
[Site "Eastleigh"]
[Date "2013.11.09"]
[Round "3"]
[White "Fowler, David W"]
[Black "Corkett, Anthony R"]
[Result "1/2-1/2"]
[WhiteElo "1936"]
[BlackElo "2224"]
[PlyCount "58"]
[EventDate "2013.11.08"]
[EventType "swiss"]
[EventRounds "6"]
[EventCountry "ENG"]
[SourceTitle "Hampshire Chess Congress"]
[Source "Arthur Brameld"]
[SourceDate "2019.01.27"]
[SourceVersion "1"]
[SourceVersionDate "2019.01.27"]
[SourceQuality "2"]

1. d4 Nf6 2. c4 c5 3. d5 b5 4. cxb5 a6 5. bxa6 Bxa6 6. Nc3 g6 7. e4 Bxf1 8. Kxf1 d6 9. g3 Bg7 10. Kg2 O-O 11. Nf3 Nbd7 12. a4 Ng4 13. Nb5 Nge5 14. Nxe5 Nxe5 15. Ra2 Qd7 16. b3 c4 17. bxc4 Rfc8 18. Bb2 Rxc4 19. Re1 h5 20. h4 Qc8 21. Qb3 Qc5 22. Ba3 Qc8 23. Bb4 Rxb4 24. Qxb4 Nd3 25. Qb1 Nxe1+ 26. Qxe1 Qc4 27. Qb1 Rxa4 28. Rxa4 Qxa4 29. Qd3 Bf6 1/2-1/2

[Event "Hampshire Open"]
[Site "Eastleigh"]
[Date "2013.11.09"]
[Round "3"]
[White "Ruiz Marana, Alejandro"]
[Black "McFaul, Thomas"]
[Result "1-0"]
[WhiteElo "2200"]
[BlackElo "2120"]
[PlyCount "39"]
[EventDate "2013.11.08"]
[EventType "swiss"]
[EventRounds "6"]
[EventCountry "ENG"]
[SourceTitle "Hampshire Chess Congress"]
[Source "Arthur Brameld"]
[SourceDate "2019.01.27"]
[SourceVersion "1"]
[SourceVersionDate "2019.01.27"]
[SourceQuality "2"]

1. e4 c5 2. Nc3 Nc6 3. f4 a6 4. Nf3 g6 5. g3 Bg7 6. Bg2 d6 7. O-O Nf6 8. d3 O-O 9. h3 Qc7 10. g4 e6 11. f5 Nd7 12. Ne2 Nde5 13. Nxe5 Bxe5 14. f6 Nd4 15. c3 Nxe2+ 16. Qxe2 b5 17. Qe3 Qd8 18. d4 cxd4 19. cxd4 Qb6 20. dxe5 1-0

[Event "Hampshire Open"]
[Site "Eastleigh"]
[Date "2013.11.09"]
[Round "3"]
[White "Tambini, Jasper"]
[Black "Jones, Gareth Aneurin"]
[Result "1-0"]
[WhiteElo "2120"]
[BlackElo "1904"]
[PlyCount "39"]
[EventDate "2013.11.08"]
[EventType "swiss"]
[EventRounds "6"]
[EventCountry "ENG"]
[SourceTitle "Hampshire Chess Congress"]
[Source "Arthur Brameld"]
[SourceDate "2019.01.27"]
[SourceVersion "1"]
[SourceVersionDate "2019.01.27"]
[SourceQuality "2"]

1. e4 c5 2. Nc3 g6 3. f4 Bg7 4. Nf3 Nc6 5. Bb5 Nd4 6. O-O Nxb5 7. Nxb5 d6 8. d3 Bd7 9. Nc3 e6 10. Qe1 Ne7 11. Be3 Nc6 12. e5 Qb6 13. Ne4 dxe5 14. Bxc5 Qa6 15. Nd6+ Kd8 16. Nxf7+ Kc8 17. Nxh8 Bxh8 18. Nxe5 Qb5 19. d4 Kc7 20. Qd2 1-0

[Event "Hampshire Open"]
[Site "Eastleigh"]
[Date "2013.11.09"]
[Round "4"]
[White "Coburn, Joseph A"]
[Black "Chilton, James I"]
[Result "1/2-1/2"]
[WhiteElo "1792"]
[BlackElo "1688"]
[PlyCount "95"]
[EventDate "2013.11.08"]
[EventType "swiss"]
[EventRounds "6"]
[EventCountry "ENG"]
[SourceTitle "Hampshire Chess Congress"]
[Source "Arthur Brameld"]
[SourceDate "2019.01.27"]
[SourceVersion "1"]
[SourceVersionDate "2019.01.27"]
[SourceQuality "2"]

1. e4 c5 2. Nf3 e6 3. c4 Nc6 4. Nc3 g6 5. d3 Bg7 6. Bf4 a6 7. Bd6 b6 8. Qd2 Nge7 9. e5 f5 10. exf6 Bxf6 11. Ne4 Nf5 12. Qf4 Bxb2 13. Rb1 e5 14. Nxe5 Bxe5 15. Bxe5 O-O 16. g4 Nxe5 17. Qxe5 Ne7 18. Nf6+ Kf7 19. Bg2 d5 20. cxd5 Nc6 21. dxc6 Qxf6 22. Qxf6+ Kxf6 23. c7 Re8+ 24. Kd2 Ra7 25. Rxb6+ Re6 26. g5+ Kxg5 27. Rxe6 Bxe6 28. Re1 Bf5 29. Re7 Bc8 30. Rxh7 Kf6 31. Kc3 Ke5 32. Kc4 Kd6 33. Rg7 a5 34. Be4 Be6+ 35. Kc3 Rxc7 36. Rxc7 Kxc7 37. Bxg6 Bxa2 38. h4 Kd6 39. h5 Ke7 40. d4 cxd4+ 41. Kxd4 Kf6 42. f4 a4 43. Kc3 Kg7 44. Bc2 Bf7 45. Bxa4 Bxh5 46. Kd4 Kf6 47. Bd7 Bg6 48. f5 1/2-1/2

[Event "Hampshire Open"]
[Site "Eastleigh"]
[Date "2013.11.09"]
[Round "4"]
[White "Jones, Steven A"]
[Black "Fowler, David W"]
[Result "0-1"]
[WhiteElo "2088"]
[BlackElo "1936"]
[PlyCount "70"]
[EventDate "2013.11.08"]
[EventType "swiss"]
[EventRounds "6"]
[EventCountry "ENG"]
[SourceTitle "Hampshire Chess Congress"]
[Source "Arthur Brameld"]
[SourceDate "2019.01.27"]
[SourceVersion "1"]
[SourceVersionDate "2019.01.27"]
[SourceQuality "2"]

1. c3 d5 2. Nf3 c5 3. g3 Nf6 4. Bg2 Nc6 5. O-O Bg4 6. d3 e6 7. Nbd2 Be7 8. Qc2 O-O 9. e4 Qc7 10. Re1 dxe4 11. dxe4 Rad8 12. Nc4 b5 13. Bf4 Qc8 14. Nce5 Bxf3 15. Nxc6 Qxc6 16. Bxf3 c4 17. Rad1 Bc5 18. Kg2 Qb6 19. Bg5 h6 20. Bf4 Rfe8 21. b4 cxb3 22. axb3 e5 23. Rxd8 Qxd8 24. Rd1 Qb6 25. Bc1 a5 26. c4 bxc4 27. bxc4 Bd4 28. Qa4 Bxf2 29. Bd2 Bd4 30. Bxa5 Qa7 31. Qb4 Ra8 32. Rxd4 Qxd4 33. Bb6 Ra2+ 34. Kh3 Qd7+ 35. g4 h5 0-1

[Event "Hampshire Open"]
[Site "Eastleigh"]
[Date "2013.11.09"]
[Round "4"]
[White "Tunks, Dominic"]
[Black "Tambini, Jasper"]
[Result "1/2-1/2"]
[WhiteElo "2168"]
[BlackElo "2120"]
[PlyCount "56"]
[EventDate "2013.11.08"]
[EventType "swiss"]
[EventRounds "6"]
[EventCountry "ENG"]
[SourceTitle "Hampshire Chess Congress"]
[Source "Arthur Brameld"]
[SourceDate "2019.01.27"]
[SourceVersion "1"]
[SourceVersionDate "2019.01.27"]
[SourceQuality "2"]

1. e4 e5 2. Nf3 Nc6 3. Bb5 a6 4. Ba4 Nf6 5. d3 b5 6. Bb3 Be7 7. h3 O-O 8. Nc3 d6 9. Nd5 h6 10. c3 Be6 11. Nxe7+ Nxe7 12. Bc2 Ng6 13. Be3 c5 14. O-O Nh7 15. d4 cxd4 16. cxd4 Qf6 17. Bb3 Qe7 18. Bxe6 Qxe6 19. dxe5 dxe5 20. Qd5 Qxd5 21. exd5 Rfd8 22. Rfd1 Nf6 23. a4 Nxd5 24. axb5 Nxe3 25. fxe3 Rxd1+ 26. Rxd1 axb5 27. Rd5 Rb8 28. Nxe5 Nxe5 1/2-1/2

[Event "Hampshire Open"]
[Site "Eastleigh"]
[Date "2013.11.10"]
[Round "5"]
[White "Chilton, James I"]
[Black "Orlowski, Bogdan"]
[Result "0-1"]
[WhiteElo "1688"]
[BlackElo "1744"]
[PlyCount "64"]
[EventDate "2013.11.08"]
[EventType "swiss"]
[EventRounds "6"]
[EventCountry "ENG"]
[SourceTitle "Hampshire Chess Congress"]
[Source "Arthur Brameld"]
[SourceDate "2019.01.27"]
[SourceVersion "1"]
[SourceVersionDate "2019.01.27"]
[SourceQuality "2"]

1. e4 d5 2. exd5 Nf6 3. c4 c6 4. dxc6 Nxc6 5. Nf3 Nd4 6. Nxd4 Qxd4 7. Be2 e5 8. O-O Bc5 9. Qb3 O-O 10. Qg3 h5 11. Nc3 h4 12. Qe3 Qd6 13. Qg5 h3 14. d3 hxg2 15. Qxg2 Kh7 16. Bg5 Rh8 17. Rfd1 Kg8 18. Ne4 Nxe4 19. dxe4 Bd4 20. Rd3 Qb6 21. Rb3 Qa6 22. Kh1 Qe6 23. Rd1 b6 24. f4 Bb7 25. f5 Qc6 26. Rg3 Kf8 27. Bd2 Ke8 28. Rxg7 Qxe4 29. Bf1 Qh4 30. Bf4 Qxf4 31. Rg3 Qxg3 32. Rd2 Qxh2# 0-1

[Event "Hampshire Open"]
[Site "Eastleigh"]
[Date "2013.11.10"]
[Round "5"]
[White "Fowler, David W"]
[Black "Ruiz Marana, Alejandro"]
[Result "1/2-1/2"]
[WhiteElo "1936"]
[BlackElo "2200"]
[PlyCount "88"]
[EventDate "2013.11.08"]
[EventType "swiss"]
[EventRounds "6"]
[EventCountry "ENG"]
[SourceTitle "Hampshire Chess Congress"]
[Source "Arthur Brameld"]
[SourceDate "2019.01.27"]
[SourceVersion "1"]
[SourceVersionDate "2019.01.27"]
[SourceQuality "2"]

1. d4 d5 2. c4 c6 3. Nf3 Nf6 4. Nc3 Qb6 5. Qc2 Bg4 6. e3 e6 7. Ne5 Bf5 8. Bd3 Bxd3 9. Qxd3 Be7 10. O-O O-O 11. b3 Nbd7 12. Nxd7 Nxd7 13. e4 dxe4 14. Nxe4 Rad8 15. Bb2 Nf6 16. Rfd1 Nxe4 17. Qxe4 Bf6 18. Rd3 Rd7 19. Rad1 Rfd8 20. g3 Qa5 21. a4 Qb4 22. Bc1 h6 23. Be3 a6 24. Kg2 Rc8 25. Bd2 Qb6 26. a5 Qd8 27. Bb4 Be7 28. Bxe7 Rxe7 29. Qe5 Rcc7 30. f4 Rcd7 31. Qc5 Rd6 32. b4 Red7 33. g4 Kh7 34. Kg3 Kg8 35. h4 Qf6 36. Qe5 Qd8 37. h5 Qf6 38. Qxf6 gxf6 39. Kf3 Kf8 40. Ke4 Ke7 41. d5 cxd5+ 42. cxd5 Rc7 43. dxe6 Rxd3 44. Rxd3 fxe6 1/2-1/2

[Event "Hampshire Open"]
[Site "Eastleigh"]
[Date "2013.11.10"]
[Round "5"]
[White "Jones, Gareth Aneurin"]
[Black "Coburn, Joseph A"]
[Result "0-1"]
[WhiteElo "1904"]
[BlackElo "1792"]
[PlyCount "58"]
[EventDate "2013.11.08"]
[EventType "swiss"]
[EventRounds "6"]
[EventCountry "ENG"]
[SourceTitle "Hampshire Chess Congress"]
[Source "Arthur Brameld"]
[SourceDate "2019.01.27"]
[SourceVersion "1"]
[SourceVersionDate "2019.01.27"]
[SourceQuality "2"]

1. Nf3 c5 2. g3 e6 3. Bg2 d5 4. d4 Nc6 5. O-O Nf6 6. b3 Be7 7. Bb2 O-O 8. Nbd2 b6 9. c4 Bb7 10. Re1 Ne4 11. cxd5 exd5 12. e3 Rc8 13. Nxe4 dxe4 14. Ne5 Nb4 15. a3 Na6 16. Qe2 Qd5 17. Qc4 cxd4 18. Qxd4 Bf6 19. Qxd5 Bxd5 20. Nc4 Bxc4 21. Bxf6 gxf6 22. bxc4 Rxc4 23. Bf1 Ra4 24. Rec1 Nc5 25. Bb5 Ra5 26. a4 Nb3 27. Rab1 Nxc1 28. Rxc1 a6 29. Bd7 Rd8 0-1

[Event "Hampshire Open"]
[Site "Eastleigh"]
[Date "2013.11.10"]
[Round "5"]
[White "Knox, Stuart W"]
[Black "McFaul, Thomas"]
[Result "0-1"]
[WhiteElo "1904"]
[BlackElo "2120"]
[PlyCount "63"]
[EventDate "2013.11.08"]
[EventType "swiss"]
[EventRounds "6"]
[EventCountry "ENG"]
[SourceTitle "Hampshire Chess Congress"]
[Source "Arthur Brameld"]
[SourceDate "2019.01.27"]
[SourceVersion "1"]
[SourceVersionDate "2019.01.27"]
[SourceQuality "2"]

1. d4 Nf6 2. c4 c5 3. d5 b5 4. cxb5 a6 5. bxa6 Bxa6 6. Nc3 g6 7. Nf3 d6 8. g3 Bg7 9. Bg2 O-O 10. Rb1 Nbd7 11. O-O Nb6 12. b3 Qd7 13. Re1 Rfb8 14. Bb2 Qa7 15. Qd2 Rb7 16. h3 Rab8 17. e4 Nfd7 18. h4 Ne5 19. h5 Nbc4 20. Qc2 Nxb2 21. Nxe5 Bxe5 22. Rxb2 c4 23. b4 Rxb4 24. Rxb4 Rxb4 25. Kh2 Qb6 26. Re2 Qd4 27. Re3 gxh5 28. Qe2 Bg7 29. Qxh5 Rb2 30. Rf3 Bf6 31. Qg4+ Kf8 32. e5 0-1

[Event "Hampshire Open"]
[Site "Eastleigh"]
[Date "2013.11.10"]
[Round "6"]
[White "Chilton, James I"]
[Black "Jones, Gareth Aneurin"]
[Result "0-1"]
[WhiteElo "1688"]
[BlackElo "1904"]
[PlyCount "90"]
[EventDate "2013.11.08"]
[EventType "swiss"]
[EventRounds "6"]
[EventCountry "ENG"]
[SourceTitle "Hampshire Chess Congress"]
[Source "Arthur Brameld"]
[SourceDate "2019.01.27"]
[SourceVersion "1"]
[SourceVersionDate "2019.01.27"]
[SourceQuality "2"]

1. e4 c5 2. Nf3 d6 3. d4 cxd4 4. Nxd4 Nf6 5. Nc3 a6 6. Be2 e5 7. Nb3 Be7 8. O-O O-O 9. f4 b5 10. Bf3 Qb6+ 11. Kh1 Bb7 12. g4 b4 13. Nd5 Nxd5 14. exd5 Nd7 15. g5 f5 16. gxf6 Nxf6 17. Re1 Qc7 18. Qd3 Rac8 19. Re2 Kh8 20. a3 a5 21. axb4 axb4 22. Be4 Nxe4 23. Qxe4 Qc4 24. Qxc4 Rxc4 25. Rd2 exf4 26. Ra7 Rc7 27. Kg1 Ra8 28. Rxa8+ Bxa8 29. Rd3 g5 30. c4 Rxc4 31. h4 g4 32. h5 Kg7 33. Rd2 Bf6 34. Kg2 f3+ 35. Kg3 Be5+ 36. Kf2 Bf4 37. Rd4 Rxd4 38. Nxd4 Bxc1 39. b3 Bxd5 40. Nf5+ Kf6 41. Nxd6 Ke5 42. Nb5 Kf4 43. h6 Bxb3 44. Nd6 g3+ 45. Kg1 Be3+ 0-1

[Event "Hampshire Open"]
[Site "Eastleigh"]
[Date "2013.11.10"]
[Round "6"]
[White "Coburn, Joseph A"]
[Black "Knox, Stuart W"]
[Result "0-1"]
[WhiteElo "1792"]
[BlackElo "1904"]
[PlyCount "136"]
[EventDate "2013.11.08"]
[EventType "swiss"]
[EventRounds "6"]
[EventCountry "ENG"]
[SourceTitle "Hampshire Chess Congress"]
[Source "Arthur Brameld"]
[SourceDate "2019.01.27"]
[SourceVersion "1"]
[SourceVersionDate "2019.01.27"]
[SourceQuality "2"]

1. e4 e6 2. d4 d5 3. Nd2 Nf6 4. e5 Nfd7 5. f4 c5 6. c3 Nc6 7. Ngf3 Qb6 8. Qb3 Be7 9. Qxb6 axb6 10. Bb5 O-O 11. O-O Ndb8 12. a4 Bd7 13. b3 cxd4 14. cxd4 Nxe5 15. Ba3 Nxf3+ 16. Nxf3 Bxa3 17. Bxd7 Bb2 18. Bb5 Bxa1 19. Rxa1 Nc6 20. Bxc6 bxc6 21. Ne5 Rfc8 22. Nd7 Ra6 23. Rc1 Rc7 24. Nb8 Ra8 25. Nxc6 Kf8 26. b4 Rxa4 27. b5 g6 28. Rb1 Rc4 29. g4 R7xc6 30. bxc6 Rxc6 31. Kg2 h6 32. f5 gxf5 33. gxf5 Ke7 34. fxe6 Kxe6 35. Kf3 Kf5 36. Rb3 f6 37. h3 h5 38. Rb5 Rc3+ 39. Kg2 Ke4 40. Rxb6 f5 41. Rh6 f4 42. Rxh5 Rc2+ 43. Kf1 Kxd4 44. Rh8 Ke3 45. Re8+ Kf3 46. Ke1 d4 47. h4 Rh2 48. Rh8 d3 49. h5 Ke3 50. Re8+ Kd4 51. Rd8+ Ke4 52. Re8+ Kf3 53. Rd8 Rh1+ 54. Kd2 Rxh5 55. Kxd3 Re5 56. Rd7 Kf2 57. Rf7 f3 58. Rf8 Kg2 59. Rg8+ Kf1 60. Rf8 f2 61. Kd2 Re7 62. Rf6 Re4 63. Rf8 Re1 64. Rg8 Re2+ 65. Kd1 Re5 66. Rd8 Re1+ 67. Kd2 Kg2 68. Rg8+ Kh3 0-1

[Event "Hampshire Open"]
[Site "Eastleigh"]
[Date "2013.11.10"]
[Round "6"]
[White "Tunks, Dominic"]
[Black "Fowler, David W"]
[Result "1-0"]
[WhiteElo "2168"]
[BlackElo "1936"]
[PlyCount "71"]
[EventDate "2013.11.08"]
[EventType "swiss"]
[EventRounds "6"]
[EventCountry "ENG"]
[SourceTitle "Hampshire Chess Congress"]
[Source "Arthur Brameld"]
[SourceDate "2019.01.27"]
[SourceVersion "1"]
[SourceVersionDate "2019.01.27"]
[SourceQuality "2"]

1. Nf3 Nf6 2. b3 d5 3. Bb2 e6 4. e3 c5 5. Bb5+ Bd7 6. Be2 Nc6 7. c4 Bd6 8. cxd5 exd5 9. O-O O-O 10. d4 b6 11. Nc3 Be6 12. Rc1 cxd4 13. Nb5 dxe3 14. Bxf6 exf2+ 15. Kh1 gxf6 16. Rxc6 Bc5 17. Qa1 a6 18. Nc7 Qd7 19. Rxc5 bxc5 20. Nxa8 Rxa8 21. Qxf6 c4 22. Rxf2 cxb3 23. axb3 Rb8 24. h4 Qd8 25. Qh6 Qf8 26. Qxf8+ Kxf8 27. Nd4 Rb6 28. Bd3 Kg7 29. Bf5 h6 30. g4 Rd6 31. Kh2 Rb6 32. Kg3 Rd6 33. Kf4 Rb6 34. Bxe6 fxe6 35. Ke5 Kg8 36. Rf6 1-0

[Event "Hampshire Major"]
[Site "Eastleigh"]
[Date "2013.11.08"]
[Round "1"]
[White "Armorgie, Jack"]
[Black "Matthew, Ian G"]
[Result "0-1"]
[WhiteElo "1624"]
[BlackElo "1760"]
[PlyCount "88"]
[EventDate "2013.11.08"]
[EventType "swiss"]
[EventRounds "6"]
[EventCountry "ENG"]
[SourceTitle "Hampshire Chess Congress"]
[Source "Arthur Brameld"]
[SourceDate "2019.01.27"]
[SourceVersion "1"]
[SourceVersionDate "2019.01.27"]
[SourceQuality "2"]

1. d4 d5 2. e3 Nc6 3. Bd3 e5 4. c3 e4 5. Bb5 Qg5 6. g3 Nge7 7. f3 f5 8. f4 Qh6 9. Ne2 a6 10. Bxc6+ Qxc6 11. Nd2 Be6 12. b3 Ng8 13. Bb2 Nf6 14. h3 Be7 15. Rc1 O-O 16. c4 Qe8 17. cxd5 Nxd5 18. Kf2 b5 19. Nc3 Nb4 20. Kg2 Nd3 21. Rc2 Qg6 22. Rg1 Rad8 23. Ne2 Bd6 24. Bc3 Rd7 25. Nc1 Bxf4 26. exf4 Nxf4+ 27. Kh2 Nd5 28. Qe2 Nxc3 29. Rxc3 Rfd8 30. Rc6 Rxd4 31. Nf1 Qh6 32. g4 Rd2 33. Nxd2 Rxd2 34. g5 Rxe2+ 35. Nxe2 Qh5 36. Nf4 Qf3 37. Nxe6 e3 38. Nd4 Qf4+ 39. Rg3 Qxd4 40. Rxc7 Qd2+ 41. Kh1 e2 42. Rc8+ Kf7 43. g6+ hxg6 44. Rc7+ Ke8 0-1